[Event "Olympiad-42"]
[Site "Baku"]
[Date "2016.09.10"]
[Round "8.3"]
[White "Nepomniachtchi, Ian"]
[Black "So, Wesley"]
[Result "0-1"]
[WhiteElo "2740"]
[BlackElo "2782"]
[Annotator "So,Wesley"]
[PlyCount "100"]
[EventDate "2016.09.02"]
[EventType "team-swiss"]
[EventRounds "11"]
[EventCountry "AZE"]
[SourceTitle "CBM 175"]
[Source "ChessBase"]
[SourceDate "2016.11.10"]
[SourceVersion "1"]
[SourceVersionDate "2016.11.10"]
[SourceQuality "1"]
[WhiteTeam "Russia"]
[BlackTeam "US of America"]
[WhiteTeamCountry "RUS"]
[BlackTeamCountry "USA"]

{I think this year's Olympiad was significantly harder than those of other
years. First of all, it seemed like everyone was intense, strong, focused and
competitive. Secondly, it was the first time that a team had to win 10 out of
11 matches in order to gain first place (normally 9.5/11 suffices). So even
though everyone was saying we had a strong team, nothing was ever easy or
guaranteed. Every single step was dangerous. Then finally, when we should have
been able to relax knowing we'd nailed it, there was a strangely complex
tiebreak that kept everyone holding their breath.   This game was played in
the 8th round. Our team was leading 6.5/7 and Russia was only half a point
behind (they lost their match against Ukraine). I don't need to tell you how
crucial this match was in the fight for an Olympic gold medal.} 1. e4 e5 2. Nf3
Nc6 {Ian is purely a 1.e4 player with an aggressive and imaginative style.
Before this game he was very much on fire with 7 out of 7 and it wasn't a
surprise that the Russians gave him the white pieces for this match. Usually
he goes 3.d4 for a Scotch Game.} 3. Bc4 {The Giuoco Piano is an evergreen
opening and it is one of the oldest in chess, having roots all the way back to
the 17th century. It has become popular once again as a way to get a game.} Bc5
4. O-O Nf6 5. d3 O-O ({I think he must have been inspired by a game played by
GM Karjakin in the previous round:} 5... d6 6. c3 a6 7. a4 h6 8. Nbd2 O-O 9. h3
Re8 10. Re1 Be6 11. Bxe6 Rxe6 12. b4 Ba7 13. Qc2 d5 14. Nb3 b5 15. Be3 Bxe3 16.
Rxe3 Rd6 17. Nc5 $16 Qc8 18. Ree1 Nh5 $2 19. exd5 Rxd5 20. Qa2 $18 {Karjakin,
S-Navara,D Baku 2016, and White won super quickly.}) 6. a4 {A relatively new
move, reintroduced this year by GM Grischuk. White makes sure that d3 is
firmly defended in case of a breakthrough in the center with ...d5.} ({A month
earlier Vishy Anand played} 6. c3 d5 7. exd5 Nxd5 8. a4 (8. Re1 Bg4 9. h3 Bh5)
8... Nb6 {but had to agree to a draw later on.}) (6. Nbd2 d6 7. c3 a6 8. Bb3 {
is the old main line. But unable to get much with it, White players found this
plan of a2-a4. The idea is to be able to develop the knight on a3 in some
cases, and to gain space on the queenside.}) 6... d6 (6... d5 7. exd5 Nxd5 8.
Nbd2 Bb6 9. Re1 $14 {White gets good control over the center and has nice
outposts for his pieces.}) 7. c3 a6 (7... a5 {is possible too.}) 8. h3 {
I think in general White does not want to commit his kingside pawns right away,
but he cannot play Re1 without fear of Ng4.} (8. Re1 {might allow} Ng4 (8...
Ba7) 9. Re2 {when my analysis runs} (9. d4 $2 exd4 10. cxd4 Nxd4 $1 11. Nxd4
Qh4 $19) 9... Kh8 10. d4 Ba7 11. h3 Nf6 12. Re1 exd4 (12... h6 13. Bb3) 13.
cxd4 d5 (13... Nxe4 14. Rxe4 d5 15. Rh4 dxc4 16. Qc2 f5 17. Bg5 Qe8 18. Nc3 Qg6
19. Ne2 $14 {gives White too strong an initiative for the pawn.}) 14. exd5 Nxd5
15. Bxd5 Qxd5 16. Nc3 Qd8 (16... Qd6 17. d5 Nb4 18. Re4 Bf5 19. Bf4 Qc5 20. Re2
$14) 17. d5 Nb4 18. Bf4 {with a position that should be close to equality.}) (
8. Nbd2 Ba7) 8... Ba7 9. Re1 Ne7 {The most typical plan in this kind of pawn
structure. Black puts his knight on g6 and prepares the c6-d5 break in the
center.} ({I was also considering} 9... Re8 10. Nbd2 Be6 {but I wasn't very
sure.... The point is that White really doesn't mind the exchange of
light-squared bishops and with the appearance of a knight on c4 it is not
clear if the time spent by Black is worth it.}) (9... Be6 {Even here the
exchange of the light-squared bishops on e6 will lead to the opening of the
f-file (so in my next round against Aryan Tari, I went for} 10. Nbd2 {).} Bxc4
11. Nxc4 b5 12. Ne3 $14 {in this position White remains with a slight
advantage.}) 10. d4 ({Later even Vladimir Kramnik tried his hand at the Giuoco
Piano outplaying Radjabov in a nice way:} 10. Nbd2 Ng6 11. d4 h6 (11... c6 12.
Bf1 (12. Bb3 exd4 13. cxd4 d5 14. e5 Nh5) 12... exd4 13. cxd4 d5 14. e5 Nh5 $13
{might be better.}) 12. Bf1 (12. Bb3 Re8 13. Bc2 $14 {looks like a slight edge
for White.}) 12... Re8 13. a5 Bd7 14. b4 Bc6 $6 (14... d5) 15. d5 Bd7 16. c4
Nf4 17. c5 g5 $6 {Now the position looks like a Bayonet King's Indian (an
opening you would expect from a Kramnik-Radjabov game) with a bishop on a7!}
18. Nc4 Qe7 19. Be3 $16 {Kramnik,V-Radjabov,T Baku 2016, and White won
relatively quickly from here.} (19. Ra3 $5 {as in the spirit of the King's
Indian-rook lift on the third rank!})) (10. Bg5 Ng6 11. Nh4 Kh8 12. Nxg6+ fxg6
{is excellent for Black.}) 10... Ng6 {I just continue manoeuvring my pieces.} (
{I was also looking at} 10... exd4 11. cxd4 d5 12. exd5 h6 (12... Nexd5 13. Bg5
h6 14. Bh4 {gives an annoying pin on the diagonal-} g5 15. Nxg5 $1 hxg5 16.
Bxg5 $18) 13. Nc3 Nexd5 14. Nxd5 Nxd5 15. Qb3 c6 16. Bd2 $14 {but apparently
Black does not completely equalize here. White has a lead in development and
pressure in the open files to compensate for his isolated d-pawn.}) 11. Bd3 (
11. Nbd2 {transposes to the Kramnik game-see 10.Nbd2.}) 11... c6 (11... Nh5 {
right away is possible too.}) ({However if Black does not like all these
Nh5-f4 knight moves then} 11... Re8 12. Qc2 Be6 {is a good option. Black is
simply preparing the ...d5 break, and if this operation is successful he
equalizes completely.} (12... h6 13. Be3 d5 14. Nbd2 exd4 15. Bxd4 Bxd4 16.
Nxd4 Nf4 $11)) 12. Be3 Nh5 13. Nbd2 (13. Bf1 {might be a possible improvement.}
) 13... Nhf4 14. Bf1 exd4 15. Bxd4 (15. Nxd4 d5) 15... Bxd4 (15... d5 16. Bxa7
Rxa7 17. exd5 Nxd5 18. a5 $16 {this is clearly better for White. Black's dark
squares on the queenside are far too weak to defend comfortably.}) 16. cxd4 (
16. Nxd4 Ne5 17. Re3 Qf6 {leads to a balanced position, as my knights have
good outposts in the center.}) 16... d5 17. e5 f6 (17... a5 {right away makes
a lot of sense too.}) 18. Ra3 (18. a5 fxe5 19. dxe5 Qe7) 18... fxe5 19. dxe5 {
GM Ian Nepomniatchi is always interesting and keeps surprising me by making
unexpected and quick decisions. For example here, I was almost sure that he
would recapture with the knight and then try to make use of the open e-file.} (
19. Nxe5 Nxe5 20. Rxe5 Ng6 21. Re1 Qf6 22. Nf3 Bf5 $11) 19... a5 {I wanted to
clarify the pawn structure on the queenside and not have to worry about a
possible dark square bind.} 20. Qc1 Qe7 (20... Ne6) 21. Rb3 Bf5 {I have plenty
of options here and perhaps what I chose is not the most accurate. But playing
Black in a team event means that you have to guarantee your safety first and I
chose to finish my development.} ({Both} 21... Rf7) ({and} 21... Ne6 22. g3 Qf7
{give Black good play. The undeveloped bishop on c8 gives me a moment of
concern though.}) 22. Nd4 Ne6 (22... Nh4 $5 {Stockfish's suggestion.}) 23. Nxf5
$2 {This is where the battle starts to turn in my favour.} ({White maintains
equality by} 23. Nxe6 Bxe6 24. g3 Rf7 25. f4 Raf8 $11 {when White has a strong
pawn chain although he always has to be wary of a piece sacrifice on f4.})
23... Rxf5 24. Bd3 Rf4 {There is no point in taking the pawn on e5 yet.} 25.
Bxg6 hxg6 26. Qd1 ({A more stubborn line is} 26. Rg3 Raf8 27. Nf3 Rxa4 28. Rxg6
$15) 26... Raf8 27. Rf3 Qb4 $17 {Black has a dream position. Blockading knight
on e6, full control of the f-file, and on top of that I am threatening to pick
up his queenside pawns.} 28. Rxf4 Rxf4 29. Nf3 (29. Qc2 Qc5 30. Qxc5 Nxc5 31.
b3 Kf7 $17 {and Black starts picking up loose pawns.}) 29... Qxa4 (29... Qxb2 {
might be even stronger, but I prefer to take his a-pawn as it is well-known
that a knight has the most trouble when defending against a passed rook pawn.
And besides I keep the b-file closed.}) 30. Qd3 Rf5 (30... Re4 $142 31. Rxe4
Qxe4 32. Qa3 Qb4 33. Qd3 Kf7 $19 {would make the conversion much easier but I
couldn't decide whether to keep the rooks or trade them.}) 31. Qb1 Qf4 (31...
Qb4 32. Nh2 a4 33. Ng4 c5 $19) 32. Qc2 {Preventing Ng5 by protecting the f2
pawn.} Kh7 $1 33. Re3 Qc4 {I don't mind the exchange of queens at all.} (33...
Qb4) 34. Qd1 (34. Qxc4 dxc4 35. Ra3 b6 36. Kf1 (36. Ra4 Rf4) 36... Kg8 $17)
34... Rf4 {I was getting low on time and therefore my main objective was to
reach move 40 while maintaining my substantial advantage.} (34... Qb4) 35. Rc3
Qb4 36. Qc1 (36. Rb3 Qa4 37. Qd3 b5 $19) 36... a4 {Pushing my a-pawn one step
closer to promotion.} 37. h4 Kg8 (37... Nd4 $19) 38. Qb1 Qe4 (38... Nd4) 39.
Qd1 Nd4 40. Re3 (40. Nxd4 Qxd4) 40... Nxf3+ 41. gxf3 Qf5 {Suddenly Ray Robson
on board 4, lost his game and quickly resigned against GM Grischuk. Fabiano
and Hikaru had both drawn their games against Sergey Karjakin and big Vlad
respectively. Yikes. Now I really had to win this game to tie the match.
Initially I was distracted by disappointment that we wouldn't win this match 
(which would ensure almost certain gold) but at the end of the day you have to
move on, refocus and wait for another chance.} 42. e6 Rxh4 (42... Qh3 {is
enough for a win too.}) 43. Re4 $5 {Probably the most shocking move played
against me for a long time. So Ian! I was taking my time, making sure I wasn't
missing any tricks and then suddenly he comes up with this move. Fortunately I
am too many pawns up.} (43. e7 Qh3 44. e8=Q+ Kh7) (43. f4 Qxf4 (43... Kf8) 44.
e7 Qg5+ 45. Kf1 Rh1+ 46. Ke2 Qh5+ 47. Rf3 Rxd1 48. e8=Q+ Kh7 $19) 43... Rxe4
44. fxe4 Qxe4 45. Qd2 Qxe6 46. Qa5 Qg4+ 47. Kf1 b5 48. Qc7 g5 49. Qb8+ Kh7 50.
Qd6 b4 {This is the way it went in this exciting Olympiad. Every fight was a
tough one to the absolute end. There were no sliders!} 0-1

[Event "EU-chT (Men) 21st"]
[Site "Heraklion"]
[Date "2017.11.04"]
[Round "7.2"]
[White "Duda, Jan Krzysztof"]
[Black "Rodshtein, Maxim"]
[Result "1-0"]
[WhiteElo "2706"]
[BlackElo "2699"]
[Annotator "Szabo,Kr"]
[PlyCount "79"]
[EventDate "2017.10.28"]
[EventType "team-swiss"]
[EventRounds "9"]
[EventCountry "GRE"]
[SourceTitle "CBM 182"]
[Source "ChessBase"]
[SourceDate "2018.01.17"]
[SourceVersion "1"]
[SourceVersionDate "2018.01.17"]
[SourceQuality "1"]
[WhiteTeam "Poland"]
[BlackTeam "Israel"]
[WhiteTeamCountry "POL"]
[BlackTeamCountry "ISR"]

1. e4 e5 2. Nf3 Nc6 3. Bc4 Bc5 4. c3 Nf6 5. d3 d6 6. Nbd2 a6 7. Bb3 O-O 8. Nf1
Ng4 (8... d5 {is the other continuation.}) 9. d4 exd4 10. cxd4 Bb6 $146 {
A novelty by Rodshtein.} (10... Bb4+ {was played before,} 11. N1d2 Nf6 12. d5
Ne7 13. O-O c6 14. dxc6 Nxc6 15. h3 h6 16. a3 Bc5 {Hamdouchi-Sargissian,
Reykjavik 2006; with a balanced poisition.}) 11. Ng3 (11. h3 {is less accurate,
as} Nf6 12. Ng3 d5 $1 13. e5 Ne4 {and Black looks OK.}) 11... Be6 12. O-O ({
The fork with} 12. d5 $2 {does not work because of} Nxf2 13. Qe2 Nxh1 14. Nxh1
Nd4 15. Nxd4 Bxd4 16. dxe6 fxe6 $17 {and Black is very active, he is
threatening ...Qh4.}) 12... Bxb3 13. axb3 h6 14. d5 Ne7 ({In the event of} 
14... Nce5 15. h3 Nxf3+ 16. Qxf3 Ne5 17. Qc3 $14 {and White is more
comfortable. His plan is Be3 followed by f4.}) 15. Nh4 {The basic plan in this
structure. White wants to put a knight on f5.} Ne5 16. b4 (16. Nhf5 $5 {
was the alternative,} Nxf5 17. Nxf5 Re8 18. Bd2 $14 {with a slightly better
middlegame for White.}) 16... N5g6 ({Probably} 16... Nxd5 $5 {could reach the
draw,} 17. Nhf5 Nf6 18. Nh5 Nxh5 19. Qxh5 Qf6 20. Bxh6 ({or} 20. Ra3 $6 Rfe8
21. Rg3 Ng6 $15 {and Black looks nicely placed.}) 20... gxh6 21. Nxh6+ Kg7 22.
Nf5+ Kg8 $11 {and perpetual checks.}) 17. Nxg6 (17. Nhf5 Nxf5 18. Nxf5 Nh4 $132
{and Black removes the strong f5-knight.}) 17... fxg6 $5 {Black changes his
structure and he hopes the f2 can be weak.} ({Nevertheless} 17... Nxg6 {
was also possible,} 18. Bd2 Re8 {with a balanced position.}) 18. Ra3 Kh7 $6 {
An inaccuracy, because the king can be in trouble on the b1-h7 diagonal.} (
18... c6 $1 {would be better,} 19. Be3 (19. dxc6 Nxc6 $132) 19... cxd5 20. exd5
Nf5 $13 {with a double-edged fight.}) 19. Ne2 $1 {White starts his manoeuvre;
he is threatening Nf4-e6.} c6 $6 {Another dubious move, which allows the white
knight to reach the e6-square.} (19... g5 {was important, however} 20. Be3 $14
{and White is already slightly better.}) 20. Nf4 Qd7 21. Ne6 Rf6 22. Rf3 $1 {
The best reply!} ({The tempting} 22. Qg4 $2 {could have been met by} Kg8 $1 {
and suddenly the d5-pawn will be lost, Black is better.}) 22... Rxe6 {Black
sacrifices an exchange to remove the e6-knight, but this also doesn't really
help him.} (22... Rxf3 23. Qxf3 $16) 23. dxe6 Qxe6 24. Be3 Bc7 25. Bd4 Re8 26.
Bc3 g5 27. Qd4 Rg8 28. b3 {Prepares for Qc4.} ({The smart} 28. Rf8 $2 {was a
trap, because of the intermediate} c5 $1 {and suddenly White loses his f8-R.})
28... Ng6 (28... Qxb3 {could have been met by} 29. Qa7 $1 $16) 29. Qc4 Nf4 $6 {
Loses quicker, but Black was already in a difficult situation.} (29... Qc8 30.
Rf7 Nh8 31. Rf5 $16 {is also unpleasant for Black.}) 30. Qxe6 Nxe6 31. Rf7 $18
{The white R gains the 7th rank; he is completely winning.} Re8 (31... Kg6 32.
Re7 $18) 32. Bxg7 $1 {Not a difficult, but a nice move!} Kg6 33. Rd7 Nxg7 34.
Rxc7 Rxe4 35. Rxb7 Nf5 36. Rd1 d5 37. Kf1 Kf6 38. Rb6 Ne7 39. Ra1 d4 40. Rbxa6
1-0

[Event "Grenke Chess Classic 3rd"]
[Site "Baden-Baden"]
[Date "2015.02.02"]
[Round "1"]
[White "Caruana, Fabiano"]
[Black "Anand, Viswanathan"]
[Result "1/2-1/2"]
[WhiteElo "2811"]
[BlackElo "2797"]
[Annotator "Szabo,Kr"]
[PlyCount "76"]
[EventDate "2015.02.02"]
[EventType "tourn"]
[EventRounds "7"]
[EventCountry "GER"]
[EventCategory "20"]
[SourceTitle "CBM 165"]
[Source "ChessBase"]
[SourceDate "2015.03.11"]
[SourceVersion "1"]
[SourceVersionDate "2015.03.11"]
[SourceQuality "1"]

1. e4 e5 2. Nf3 Nc6 3. Bc4 Bc5 4. c3 Nf6 5. d3 d6 6. b4 Bb6 7. a4 a5 8. b5 Ne7
9. O-O O-O 10. h3 c6 11. Bb3 Ng6 12. Re1 Re8 13. Nbd2 d5 14. Nf1 dxe4 $146 {
Novelty by Anand.} (14... h6 15. Ng3 Be6 16. bxc6 (16. Rb1 cxb5 17. axb5 dxe4
18. Nxe4 Nxe4 19. dxe4 Qc7 20. Be3 Bxe3 21. Rxe3 Red8 $15 {and Black looks
nicely placed, Vazquez-Bachmann, Asuncion 2013.}) 16... bxc6 17. Rb1 {with a
balanced middlegame.}) 15. Ng5 {An important intermediate move.} ({The natural
} 15. dxe4 {could have been met by} Qxd1 16. Bxd1 cxb5 17. axb5 Be6 $15 {
and Black has a comfortable position with his passed pawn on the a-file.})
15... Re7 16. Nxe4 Nxe4 17. dxe4 Be6 (17... cxb5 $5 {was the alternative} 18.
Qxd8+ Bxd8 19. axb5 Rc7 20. Rd1 $11 {with a nearly equal position.}) 18. Rb1
Rd7 19. Qc2 Nf8 {The N already wasn't useful on g6. Now he protects the e6 B,
and sometimes ...Bxb3 followed by ...Ne6 can be fine for Black.} 20. Ne3 {
White activates his N, now he is ready to play Bxe6 followed by Nc4.} Bxe3 ({
The natural} 20... Qc7 {was also possible,} 21. Bxe6 Nxe6 22. bxc6 bxc6 (22...
Qxc6 23. Nd5) 23. Nc4 Bc5 {Anand was probably scared of some sort of position
like this, in which the N on c4 can attack a5 and e5, but his position is
solid, White can't improve his position so easily.}) 21. Bxe3 h6 22. Red1 ({
The engine suggests} 22. bxc6 $5 bxc6 23. Bxe6 Nxe6 24. Rb6 {with some
pressure on the queenside, for example} c5 25. Qb3 {and however Black is solid,
still it is not so easy for him to equalise.}) 22... Rc8 23. Rxd7 (23. bxc6
Rxc6 {and the R is fine on the c-file.}) 23... Qxd7 24. Rd1 Qe8 ({It wa salso
possible to simplify with} 24... Bxb3 25. Qxb3 Qe6 26. Qxe6 Nxe6 $11 {with an
equal endgame.}) 25. bxc6 Qxc6 {The symmetrical structure is a little bit
changed, but still the position is equal.} 26. Bd5 {An ambitious reaction.
Caruana tries to complicate the position.} Qxc3 ({In the event of} 26... Bxd5
27. Rxd5 Nd7 (27... Qxc3 $6 {is dubious, because of} 28. Qxc3 Rxc3 29. Rxe5 $16
{and White will be a P up, moreover the B is stronger than the N.}) 28. Rxa5
Qxc3 29. Qxc3 Rxc3 30. Rb5 Rc7 {and Black can hold his position.}) 27. Qxc3
Rxc3 28. Bxb7 Nd7 $1 {It's important to bring the N back into the game.} 29.
Ba6 (29. Bd5 Nc5 30. Bxc5 Rxc5 31. Bxe6 fxe6 32. Rd8+ Kf7 33. Ra8 Rc4 34. Rxa5
Rxe4 {and it should be a draw.}) 29... Nc5 $1 30. Bxc5 Rxc5 31. Bb5 Kh7 32. Rd6
Bc4 {Finally Anand exchanges the Bs, so the draw is obvious.} 33. Rb6 Bxb5 34.
Rxb5 Rxb5 35. axb5 a4 36. b6 a3 37. b7 a2 38. b8=Q a1=Q+ 1/2-1/2